000 00930nam a2200301 a 4500
003 AR-BaBNM
005 20251128204029.0
008 082120s2002 ||||||||||||||000 | spa||
040 _cAR-BaBNM
100 1 _aFernández Martínez, José
245 0 0 _aDesarrollo pedagógico práctico de 1ro a 5to grado
_bciencias naturales, ciencias físico-químicas. 4
250 _a2ª ed.
260 _aBuenos Aires
_bRuy Díaz
_c1971
300 _a139 p.
_bdiagr., tablas
490 0 _aDesarrollo pedagógico práctico
650 4 _aCIENCIAS NATURALES
650 4 _aENSEÑANZA DE LA CIENCIA
650 4 _aENSEÑANZA DE LA FISICA
650 4 _aENSEÑANZA DE LA QUIMICA
650 4 _aEXPERIMENTOS DE LABORATORIO
650 4 _aTECNICAS DE LABORATORIO
653 _aEDUCACION PRIMARIA
700 1 _aRuiz, Elsa
710 2 _aPaideia Consultores
800 1 _aZuccotti, Rafael Juan
_edirector
942 _cBK
998 _cSILVI
999 _c5869
_d5869